000 00825nam a2200241 i 4500
001 bg
100 1 _aBARAN-GURGUL, Katarzyna
245 0 0 _aZbiór zadań z hydrauliki z rozwiązaniami :
_bpodręcznik dla studentów wyższych szkół technicznych /
_cpod red. Katarzyny Baran-Gurgul ; Politechnika Krakowska, im. Tadeusza Kościuszki.
260 _aKraków :
_bPK im. Tadeusza Kościuszki,
_c2002.
300 _a219 s. :
_bil. ;
_c24 cm.
504 _aBibliogr.
650 9 _aHydraulika
655 _aPodręczniki akademickie
700 1 _aBARAN-GURGUL, Katarzyna.
_eRed.
710 0 _aPolitechnika Krakowska im. Tadeusza Kościuszki
020 _a8372423806
040 _cBPK
041 0 _apol
080 _a532.5](075.8)
920 _a83-7242-380-6
942 _cKS
008 s pl f |000 0 pol
999 _c51719
_d51719
856 _uhttp://koha.tu.koszalin.pl/cgi-bin/koha/opac-detail.pl?biblionumber=51719
_yKatalog online BPK